<?xml version="1.0" encoding="UTF-8"?><collection xmlns="info:lc/xmlns/marcxchange-v2"><record format="Unimarc" type="bibliographic"><leader>00771cam 02200241  04500</leader><controlfield tag="001">2047081</controlfield><controlfield tag="003">http://id.bnportugal.gov.pt/bib/porbase/2047081</controlfield><controlfield tag="005">20030422092900.0</controlfield><datafield ind1=" " ind2=" " tag="010"><subfield code="a">0-387-96048-1</subfield></datafield><datafield ind1=" " ind2=" " tag="035"><subfield code="1">14361</subfield></datafield><datafield ind1=" " ind2=" " tag="095"><subfield code="a">PTBN00119690</subfield></datafield><datafield ind1=" " ind2=" " tag="100"><subfield code="a">19850522d        k  d0pora0103    ba</subfield></datafield><datafield ind1="0" ind2=" " tag="101"><subfield code="a">eng</subfield></datafield><datafield ind1=" " ind2=" " tag="102"><subfield code="a">US</subfield></datafield><datafield ind1="1" ind2=" " tag="200"><subfield code="a">Pascal user manual and report</subfield><subfield code="e">revised for the ISO pascal standard</subfield><subfield code="f">Kathleen Jensen, Niklaus Wirth</subfield></datafield><datafield ind1=" " ind2=" " tag="205"><subfield code="a">3. ed.</subfield></datafield><datafield ind1=" " ind2=" " tag="210"><subfield code="a">New York</subfield><subfield code="c">Springer-Verlag</subfield><subfield code="d">cop. 1985</subfield></datafield><datafield ind1=" " ind2=" " tag="215"><subfield code="a">XVI, 266 p.</subfield><subfield code="c">il.</subfield><subfield code="d">24 cm</subfield></datafield><datafield ind1=" " ind2=" " tag="675"><subfield code="a">62</subfield><subfield code="v">med</subfield><subfield code="z">por</subfield><subfield code="3">288207</subfield></datafield><datafield ind1=" " ind2="1" tag="700"><subfield code="a">Jensen</subfield><subfield code="b">Kathleen</subfield><subfield code="3">280415</subfield></datafield><datafield ind1=" " ind2="1" tag="701"><subfield code="a">Wirth</subfield><subfield code="b">Niklaus</subfield><subfield code="4">070</subfield><subfield code="3">140899</subfield></datafield><datafield ind1=" " ind2="0" tag="801"><subfield code="a">PT</subfield><subfield code="b">BN</subfield><subfield code="g">RPC</subfield></datafield><datafield ind1=" " ind2=" " tag="977"><subfield code="1">V15 2-8-(a)-4-54</subfield><subfield code="2">coop</subfield><subfield code="4">ESAC</subfield><subfield code="6">mq185136</subfield><subfield code="7">bc</subfield><subfield code="8">coop</subfield><subfield code="9">ESAC</subfield><subfield code="b">14777</subfield><subfield code="k">0</subfield></datafield><datafield ind1=" " ind2=" " tag="977"><subfield code="1">C6140-JEN</subfield><subfield code="2">coop</subfield><subfield code="4">UCEE</subfield><subfield code="6">mq185135</subfield><subfield code="7">bc</subfield><subfield code="8">coop</subfield><subfield code="9">UCEE</subfield><subfield code="b">3878</subfield><subfield code="k">0</subfield></datafield><datafield ind1=" " ind2=" " tag="998"><subfield code="a">UCEE1 - 00060</subfield></datafield></record></collection>